00241nam a22000977a 4500082001800000245004800018250001600066260002600082300001000108700002500118 a574.1925bNOV aNovo's handbook of practical biotechnology/ a2nd edition bNovo industri,c1986. a125p: aEdited Boyce, C.O.L.